00379nam a2200133Ia 4500008004100000041001200041082001600053100001400069245008300083260003300166300000800199650002100207700001700228221030s9999 xx 000 0 und d aEnglish a105.23bGro aN. Grover 0aElectronic Components & Materials ( DEPARTMENTAL )cby N. Grover, K. S. Sharma bDhanpat Rai PubaDelhic2001 a218 aECE Departmental aK. S. Sharma